| 000 | 00369nam a2200133Ia 4500 | ||
|---|---|---|---|
| 008 | 240624s9999 xx 000 0 und d | ||
| 041 | _aeng | ||
| 082 | _a650.1 HAR | ||
| 100 | _aHARVARD BUSINESS PRESS | ||
| 245 | _aHARVARD BUSINESS REVIEW ON MANAGING YOUR | ||
| 260 |
_c2010 _aBoston _bHarvard Business School Press |
||
| 300 | _a174 : p. : cm. ; 20 | ||
| 365 |
_cRS _b30 |
||
| 999 |
_c15100 _d15100 |
||